[Event "St Petersburg-ch sf"]
[Site "St Petersburg"]
[Date "2013.01.30"]
[Round "5"]
[White "Martynov, Pavel"]
[Black "Davydov, Andrey"]
[Result "1-0"]
[WhiteElo "2298"]
[BlackElo "2320"]
[PlyCount "97"]
[EventDate "2013.01.26"]
[EventType "swiss"]
[EventRounds "9"]
[EventCountry "RUS"]
[SourceTitle "CBM 152 Extra"]
[Source "ChessBase"]
[SourceDate "2013.02.25"]
[SourceVersion "1"]
[SourceVersionDate "2013.02.25"]
[SourceQuality "1"]

1. Nf3 Nf6 2. g3 b5 3. Bg2 Bb7 4. 0-0 e6 5. d3 Be7 6. e4 0-0 7. Qe2 d6 8. Nbd2 Nbd7 9. d4 b4 10. c4 bxc3 11. bxc3 e5 12. Nh4 Re8 13. Rb1 Qc8 14. Re1 d5 15. exd5 exd4 16. c4 Bf8 17. Qd1 c5 18. Rxe8 Nxe8 19. Ne4 Nb6 20. Qc2 Ba6 21. Bf1 Nd6 22. Nxd6 Bxd6 23. a4 g6 24. Nf3 Qg4 25. Nd2 Re8 26. f3 Qc8 27. Ne4 Be5 28. Kh1 f5 29. Ng5 Bd6 30. Bd2 Nd7 31. Ne6 Nf8 32. Nf4 Nd7 33. Ne6 Nf8 34. Nf4 Re7 35. Bh3 Qe8 36. g4 Bxf4 37. Bxf4 Re1+ 38. Rxe1 Qxe1+ 39. Kg2 Qb4 40. gxf5 Qxc4 41. Qe4 Qf1+ 42. Kg3 Qg1+ 43. Kh4 d3 44. d6 Qf2+ 45. Kg4 gxf5+ 46. Qxf5 Qd4 47. Kh5 Bc4 48. Qg5+ Kf7 49. Be5 1-0

[Event "St Petersburg-ch sf"]
[Site "St Petersburg"]
[Date "2013.01.29"]
[Round "4"]
[White "Davydov, Andrey"]
[Black "Golovankov, Vladimir"]
[Result "1-0"]
[WhiteElo "2320"]
[BlackElo "2235"]
[PlyCount "83"]
[EventDate "2013.01.26"]
[EventType "swiss"]
[EventRounds "9"]
[EventCountry "RUS"]
[SourceTitle "CBM 152 Extra"]
[Source "ChessBase"]
[SourceDate "2013.02.25"]
[SourceVersion "1"]
[SourceVersionDate "2013.02.25"]
[SourceQuality "1"]

1. d4 d5 2. c4 dxc4 3. Nf3 Nf6 4. e3 e6 5. Bxc4 c5 6. 0-0 a6 7. b3 Nc6 8. Bb2 cxd4 9. Nxd4 Nxd4 10. Bxd4 Bd7 11. Be2 Bc6 12. Bf3 Bxf3 13. Qxf3 Qd5 14. Qe2 e5 15. Bb2 Rd8 16. Nc3 Qd2 17. Rfd1 Qxe2 18. Nxe2 Bd6 19. Ng3 Bb8 20. Rxd8+ Kxd8 21. Rd1+ Nd7 22. Ne4 Ke8 23. Kf1 f6 24. Ba3 b6 25. Ke2 Kd8 26. Nd6 Bxd6 27. Rxd6 Re8 28. Rc6 e4 29. Bb2 Ke7 30. Bd4 Rb8 31. b4 Rb7 32. f3 exf3+ 33. gxf3 g6 34. Kd3 f5 35. Kc4 Kd8 36. Kd5 Rb8 37. Kd6 Rb7 38. a4 a5 39. b5 Nc5 40. Bxc5 Rd7+ 41. Ke5 bxc5 42. Rxc5 1-0

[Event "St Petersburg-ch sf"]
[Site "St Petersburg"]
[Date "2013.01.27"]
[Round "2"]
[White "Davydov, Andrey"]
[Black "Saveliev, Alexei"]
[Result "1-0"]
[WhiteElo "2320"]
[BlackElo "2138"]
[PlyCount "69"]
[EventDate "2013.01.26"]
[EventType "swiss"]
[EventRounds "9"]
[EventCountry "RUS"]
[SourceTitle "CBM 152 Extra"]
[Source "ChessBase"]
[SourceDate "2013.02.25"]
[SourceVersion "1"]
[SourceVersionDate "2013.02.25"]
[SourceQuality "1"]

1. e4 e6 2. d4 d5 3. Nc3 dxe4 4. Nxe4 Nd7 5. Nf3 Ngf6 6. Nxf6+ Nxf6 7. Bg5 h6 8. Bh4 c5 9. Bb5+ Bd7 10. Bxd7+ Qxd7 11. Qe2 cxd4 12. 0-0-0 Be7 13. Nxd4 Qa4 14. Bxf6 gxf6 15. Qb5+ Qxb5 16. Nxb5 Rc8 17. Nxa7 Ra8 18. Nb5 Rxa2 19. Kb1 Ra5 20. Nd6+ Bxd6 21. Rxd6 Ke7 22. Rhd1 Rha8 23. Rd7+ Ke8 24. c3 Ra1+ 25. Kc2 Rxd1 26. Rxd1 Ra5 27. Rd4 Rh5 28. h3 Rg5 29. g3 Rh5 30. h4 Rf5 31. f4 h5 32. b4 Rb5 33. Kb3 f5 34. Kc4 Rb6 35. b5 1-0

[Event "St Petersburg March op"]
[Site "St Petersburg"]
[Date "2009.04.09"]
[Round "9"]
[White "Gavrilov, Oleg"]
[Black "Davydov, Andrey"]
[Result "1-0"]
[WhiteElo "2370"]
[BlackElo "2320"]
[PlyCount "103"]
[EventDate "2009.03.30"]
[EventType "swiss"]
[EventRounds "9"]
[EventCountry "RUS"]
[SourceTitle "EXT 2012"]
[Source "ChessBase"]
[SourceDate "2011.11.24"]
[SourceVersion "1"]
[SourceVersionDate "2011.11.24"]
[SourceQuality "1"]

1. c4 Nf6 2. g3 e6 3. Bg2 d5 4. Nf3 dxc4 5. Qa4+ Nbd7 6. Qxc4 c5 7. 0-0 a6 8. Qc2 b5 9. b3 Bb7 10. Bb2 Bd6 11. d3 0-0 12. Nbd2 Qe7 13. Rac1 Rac8 14. Qb1 Nd5 15. Qa1 e5 16. a3 N5b6 17. e4 Rfe8 18. Rfd1 Nb8 19. Bh3 Rcd8 20. Nf1 Nc6 21. Ne3 g6 22. Re1 f6 23. Nd5 Nxd5 24. exd5 Na5 25. Be6+ Kg7 26. Qa2 Qf8 27. Nd2 Rxe6 28. dxe6 Qe7 29. Bc3 Nc6 30. Ne4 Qxe6 31. f4 Qd5 32. Qf2 Nd4 33. Bxd4 exd4 34. f5 gxf5 35. Rf1 f4 36. g4 Re8 37. Rce1 Be5 38. Qc2 Rc8 39. Rf3 c4 40. bxc4 bxc4 41. dxc4 Rxc4 42. Qd2 Qxe4 43. Rxe4 Bxe4 44. Qe2 Bd5 45. Rh3 a5 46. g5 Rc3 47. gxf6+ Bxf6 48. Qg4+ Kf8 49. Qxf4 Kg7 50. Qg4+ Kf8 51. Rxc3 dxc3 52. Qf5 1-0

[Event "St Petersburg March op"]
[Site "St Petersburg"]
[Date "2009.04.03"]
[Round "5"]
[White "Egorova, Ekaterina"]
[Black "Davydov, Andrey"]
[Result "0-1"]
[WhiteElo "2075"]
[BlackElo "2320"]
[PlyCount "54"]
[EventDate "2009.03.30"]
[EventType "swiss"]
[EventRounds "9"]
[EventCountry "RUS"]
[SourceTitle "EXT 2012"]
[Source "ChessBase"]
[SourceDate "2011.11.24"]
[SourceVersion "1"]
[SourceVersionDate "2011.11.24"]
[SourceQuality "1"]

1. e4 Nf6 2. e5 Nd5 3. d4 d6 4. f4 g6 5. Nf3 Bg7 6. Bc4 Be6 7. Qe2 c5 8. dxc5 Qa5+ 9. c3 Qxc5 10. Bxd5 Qxd5 11. 0-0 dxe5 12. Nxe5 0-0 13. c4 Qc5+ 14. Be3 Qc7 15. Nc3 f6 16. Nb5 Qc8 17. Nxa7 Rxa7 18. Bxa7 fxe5 19. fxe5 Rxf1+ 20. Rxf1 Nc6 21. Bb6 Nxe5 22. b3 Bf5 23. Re1 Qc6 24. c5 Nd3 25. Rd1 Bd4+ 26. Kf1 Qf6 27. Qf3 Ne5 0-1

[Event "St Petersburg March op"]
[Site "St Petersburg"]
[Date "2009.03.30"]
[Round "1"]
[White "Malinicheva, Lidia"]
[Black "Davydov, Andrey"]
[Result "0-1"]
[WhiteElo "2024"]
[BlackElo "2320"]
[PlyCount "76"]
[EventDate "2009.03.30"]
[EventType "swiss"]
[EventRounds "9"]
[EventCountry "RUS"]
[SourceTitle "EXT 2012"]
[Source "ChessBase"]
[SourceDate "2011.11.24"]
[SourceVersion "1"]
[SourceVersionDate "2011.11.24"]
[SourceQuality "1"]

1. e4 c5 2. Nc3 e6 3. g3 Nc6 4. Bg2 Nf6 5. f4 d5 6. e5 Nd7 7. Nh3 a6 8. b3 b5 9. Bb2 Bb7 10. Ne2 d4 11. 0-0 Be7 12. Nf2 Nb6 13. Ne4 Nd5 14. Ba3 Qb6 15. Kh1 0-0-0 16. Nc1 h5 17. Nd3 b4 18. Bb2 h4 19. g4 h3 20. Bf3 Rdg8 21. Rg1 Nxf4 22. Nxf4 Nxe5 23. d3 f5 24. gxf5 exf5 25. Nd2 Nxf3 26. Nxf3 g5 27. Qe2 Qc6 28. Raf1 gxf4 29. Bc1 Rxg1+ 30. Kxg1 Rg8+ 31. Kh1 Bg5 32. Rf2 Bh6 33. Bd2 Qg6 34. Qf1 Qg4 35. Bc1 Bf8 36. a3 a5 37. axb4 axb4 38. Bd2 Be7 0-1

[Event "St Petersburg White Nights op"]
[Site "St Petersburg"]
[Date "2007.06.29"]
[Round "5"]
[White "Davydov, Andrey"]
[Black "Karasev, Vladimir I"]
[Result "0-1"]
[WhiteElo "2366"]
[BlackElo "2376"]
[PlyCount "70"]
[EventDate "2007.06.25"]
[EventType "swiss"]
[EventRounds "9"]
[EventCountry "RUS"]
[SourceTitle "CBM 119 Extra"]
[Source "ChessBase"]
[SourceDate "2007.09.04"]
[SourceVersion "1"]
[SourceVersionDate "2007.09.04"]
[SourceQuality "1"]

1. e4 c5 2. Nf3 e6 3. d4 cxd4 4. Nxd4 a6 5. c4 Nf6 6. Nc3 d6 7. Be2 Nbd7 8. f4 Qc7 9. Be3 b6 10. 0-0 Bb7 11. Bf3 e5 12. Nf5 g6 13. Ng3 Bh6 14. Nge2 0-0 15. b3 Nc5 16. Qd2 Nfxe4 17. Bxe4 Nxe4 18. Nxe4 Bxe4 19. fxe5 Bxe3+ 20. Qxe3 Qb7 21. exd6 Bxg2 22. Rf2 Rae8 23. Qg3 Bc6 24. Rd1 f5 25. Nc3 Qf7 26. Nd5 Bxd5 27. Rxd5 f4 28. Qf3 Re3 29. Qd1 Qd7 30. Qd2 Qg4+ 31. Rg2 Qh4 32. Rf2 Rfe8 33. d7 Qg4+ 34. Kf1 Qh3+ 35. Rg2 Qf3+ 0-1

[Event "St Petersburg White Nights op"]
[Site "St Petersburg"]
[Date "2007.06.27"]
[Round "3"]
[White "Davydov, Andrey"]
[Black "Bebchuk, Boris"]
[Result "1-0"]
[WhiteElo "2366"]
[BlackElo "2182"]
[PlyCount "75"]
[EventDate "2007.06.25"]
[EventType "swiss"]
[EventRounds "9"]
[EventCountry "RUS"]
[SourceTitle "CBM 119 Extra"]
[Source "ChessBase"]
[SourceDate "2007.09.04"]
[SourceVersion "1"]
[SourceVersionDate "2007.09.04"]
[SourceQuality "1"]

1. e4 c6 2. d4 d5 3. exd5 cxd5 4. c4 Nf6 5. Nc3 Nc6 6. Nf3 e6 7. Bg5 Be7 8. c5 0-0 9. Bb5 h6 10. Bxf6 Bxf6 11. 0-0 Qc7 12. Rb1 b6 13. b4 bxc5 14. bxc5 Na5 15. Re1 Nc4 16. Bxc4 dxc4 17. Ne4 Be7 18. Ne5 f5 19. Nc3 Bf6 20. Nb5 Qa5 21. Nxc4 Qa6 22. Qe2 Qc6 23. Ne5 Bxe5 24. Qxe5 Rf6 25. Nc7 Bb7 26. d5 exd5 27. Nxa8 Bxa8 28. Qe8+ Kh7 29. Qxc6 Bxc6 30. Re7 d4 31. Rd1 Rg6 32. g3 Be4 33. Rxd4 Rc6 34. Rdd7 Rxc5 35. Rxg7+ Kh8 36. Rh7+ Kg8 37. Rdg7+ Kf8 38. Rc7 1-0

[Event "Chigorin Memorial-B 14th"]
[Site "St Petersburg"]
[Date "2006.10.27"]
[Round "6"]
[White "Davydov, Andrey"]
[Black "Pileckis, Emilis"]
[Result "1-0"]
[WhiteElo "2292"]
[BlackElo "2233"]
[PlyCount "67"]
[EventDate "2006.10.23"]
[EventType "swiss"]
[EventRounds "9"]
[EventCountry "RUS"]
[SourceTitle "EXT 2007"]
[Source "ChessBase"]
[SourceDate "2006.11.23"]
[SourceVersion "1"]
[SourceVersionDate "2006.11.23"]
[SourceQuality "1"]

1. e4 c5 2. Nf3 Nc6 3. Nc3 e5 4. Bc4 Be7 5. d3 d6 6. 0-0 Nf6 7. Ng5 0-0 8. f4 exf4 9. Bxf4 Nd4 10. Qd2 h6 11. Nf3 Nxf3+ 12. gxf3 Be6 13. Kh1 Kh7 14. Bxe6 fxe6 15. Qg2 Nh5 16. Bg3 Bg5 17. Qh3 Nf4 18. Bxf4 Bxf4 19. Ne2 Qe7 20. Qg4 g5 21. c3 Rf6 22. Ng3 Bxg3 23. hxg3 Raf8 24. Kg2 Qf7 25. Rf2 h5 26. Rh1 Kh6 27. Kg1 Qg6 28. Kf1 Rh8 29. Rfh2 h4 30. gxh4 Kg7 31. hxg5 Rff8 32. Rh6 Qf7 33. Ke2 e5 34. Qh3 1-0

[Event "Chigorin Memorial-B 14th"]
[Site "St Petersburg"]
[Date "2006.10.25"]
[Round "4"]
[White "Davydov, Andrey"]
[Black "Kadyrov, Albert"]
[Result "1-0"]
[WhiteElo "2292"]
[BlackElo "2138"]
[PlyCount "97"]
[EventDate "2006.10.23"]
[EventType "swiss"]
[EventRounds "9"]
[EventCountry "RUS"]
[SourceTitle "EXT 2007"]
[Source "ChessBase"]
[SourceDate "2006.11.23"]
[SourceVersion "1"]
[SourceVersionDate "2006.11.23"]
[SourceQuality "1"]

1. e4 c6 2. d4 d5 3. exd5 cxd5 4. c4 Nf6 5. Nc3 e6 6. Nf3 Be7 7. cxd5 Nxd5 8. Bd3 Nc6 9. 0-0 0-0 10. Re1 Bf6 11. Be4 Nce7 12. Qd3 h6 13. Ne5 Nxc3 14. Qxc3 Nf5 15. Be3 a5 16. Rad1 Ra6 17. Bxf5 exf5 18. d5 Re8 19. Bc5 Bd7 20. Qg3 Ra8 21. h3 Rc8 22. Bd4 a4 23. a3 Bh4 24. Qf3 Bf6 25. Bc3 Bxe5 26. Bxe5 Rc4 27. d6 b5 28. Bc3 Rce4 29. Qd3 Rxe1+ 30. Rxe1 Rxe1+ 31. Bxe1 Qg5 32. Bd2 Qg6 33. Bc3 Bc6 34. f3 Qe6 35. Kf2 f6 36. Qd4 Kf7 37. Qa7+ Qd7 38. Qc5 Qc8 39. h4 h5 40. Kg3 Qb7 41. Qxf5 Bd7 42. Qxh5+ Kg8 43. Bxf6 gxf6 44. Qg6+ Kf8 45. Qxf6+ Kg8 46. Qd8+ Kf7 47. Qe7+ Kg8 48. h5 Qd5 49. Qd8+ 1-0

[Event "St Petersburg op"]
[Site "St Petersburg"]
[Date "2003.??.??"]
[Round "3"]
[White "Davydov, Andrey"]
[Black "Oleinik, Alexander"]
[Result "1-0"]
[WhiteElo "2211"]
[BlackElo "2046"]
[PlyCount "47"]
[EventDate "2003.??.??"]
[EventType "swiss"]
[EventRounds "9"]
[EventCountry "RUS"]
[SourceTitle "EXT 2005"]
[Source "ChessBase"]
[SourceDate "2004.11.15"]
[SourceVersion "1"]
[SourceVersionDate "2004.11.15"]
[SourceQuality "1"]

1. e4 c5 2. Nf3 d6 3. d4 cxd4 4. Nxd4 Nf6 5. Nc3 a6 6. f4 Nbd7 7. a4 e6 8. Bd3 Be7 9. Qf3 Qc7 10. Nb3 b6 11. 0-0 Bb7 12. Bd2 Nc5 13. Nxc5 dxc5 14. b3 Rd8 15. Rad1 0-0 16. Qe2 Qc8 17. Rf3 Nd7 18. Rh3 g6 19. Rf1 Nb8 20. f5 exf5 21. Qe3 f4 22. Qxf4 h5 23. Bc4 Kg7 24. Qh6+ 1-0

[Event "St Petersburg op"]
[Site "St Petersburg"]
[Date "2003.??.??"]
[Round "6"]
[White "Davydov, Andrey"]
[Black "Osinovsky, Stepan"]
[Result "0-1"]
[WhiteElo "2211"]
[BlackElo "2274"]
[PlyCount "70"]
[EventDate "2003.??.??"]
[EventType "swiss"]
[EventRounds "9"]
[EventCountry "RUS"]
[SourceTitle "EXT 2005"]
[Source "ChessBase"]
[SourceDate "2004.11.15"]
[SourceVersion "1"]
[SourceVersionDate "2004.11.15"]
[SourceQuality "1"]

1. e4 e5 2. d4 exd4 3. Qxd4 Nc6 4. Qe3 g6 5. Nc3 Bg7 6. Bd2 Nge7 7. 0-0-0 0-0 8. h4 d5 9. exd5 Nxd5 10. Qg3 Nxc3 11. Bxc3 Qe7 12. Bc4 Bf5 13. Re1 Qc5 14. Bxg7 Qxc4 15. Qc3 Qf4+ 16. Kb1 Bxc2+ 17. Kxc2 Nb4+ 18. Kb3 a5 19. Bxf8 Rxf8 20. Nh3 Qd6 21. a4 b5 22. axb5 a4+ 23. Kc4 Nd5 24. Qd4 Qb4+ 25. Kd3 Qxb5+ 26. Kc2 Qb3+ 27. Kc1 Nb4 28. Re2 c5 29. Qd7 a3 30. bxa3 Qxa3+ 31. Kd2 Qb2+ 32. Ke3 Qb3+ 33. Kf4 Nd5+ 34. Kg5 Qc4 35. Re8 h6+ 0-1

[Event "St Petersburg op"]
[Site "St Petersburg"]
[Date "2003.??.??"]
[Round "7"]
[White "Dribinsky, Boris"]
[Black "Davydov, Andrey"]
[Result "1/2-1/2"]
[WhiteElo "2171"]
[BlackElo "2211"]
[PlyCount "93"]
[EventDate "2003.??.??"]
[EventType "swiss"]
[EventRounds "9"]
[EventCountry "RUS"]
[SourceTitle "EXT 2005"]
[Source "ChessBase"]
[SourceDate "2004.11.15"]
[SourceVersion "1"]
[SourceVersionDate "2004.11.15"]
[SourceQuality "1"]

1. d4 Nf6 2. Nf3 d5 3. Bg5 Bf5 4. e3 e6 5. c4 Nbd7 6. Nc3 c6 7. Be2 h6 8. Bh4 g5 9. Bg3 Nh5 10. Be5 Ng7 11. h3 Bg6 12. Bd3 Bxd3 13. Qxd3 Nxe5 14. Nxe5 Bd6 15. Nf3 f5 16. a3 Qf6 17. b4 a6 18. c5 Bc7 19. a4 0-0 20. 0-0-0 Rfb8 21. a5 Rf8 22. Ne2 Rae8 23. Qc3 e5 24. Nxe5 Bxe5 25. dxe5 Qxe5 26. Qxe5 Rxe5 27. g3 Ne6 28. h4 g4 29. Nd4 Re8 30. Nxe6 R8xe6 31. Rd4 Re4 32. Rhd1 Rxd4 33. Rxd4 Re4 34. Kd2 Kf7 35. Kd3 Kf6 36. Ke2 Ke5 37. Kd3 h5 38. Rxe4+ fxe4+ 39. Kc3 d4+ 40. exd4+ Kd5 41. Kd2 Kxd4 42. Ke2 Kc4 43. Ke3 Kxb4 44. Kxe4 Kxc5 45. f3 gxf3 46. Kxf3 Kd4 47. g4 1/2-1/2